Paroles : Le droit à l'erreur - Amel Bent - Statistiques

Statistiques générales
  • Ce quiz a été pris 50 fois
  • Le résultat moyen est 202 sur 233
Statistiques - réponses
Réponse % Correct
À
100%
Bout
100%
De
100%
Je
100%
Jusqu'au
100%
La
100%
Le
100%
Mais
100%
Ne
100%
Savoir
100%
Tout
100%
Arrivée
96%
Choses
96%
Droit
96%
Et
96%
Être
96%
J'ai
96%
Me
96%
Moi
96%
Nous
96%
Pas
96%
Plus
96%
Qu'on
96%
Toi
96%
Bien
92%
Comme
92%
Coup
92%
Fais
92%
Marche
92%
N'importe
92%
Quoi
92%
Sait
92%
Sens
92%
Si
92%
Tellement
92%
Tenir
92%
Un
92%
Croyais
88%
D'avancer
88%
Est
88%
M'empêche
88%
Qui
88%
Sais
88%
Tu
88%
Y'a
88%
Devant
84%
Dire
84%
Direction
84%
Distance
84%
Les
84%
Mur
84%
Perdu
84%
Que
84%
Suis
84%
Brutal
80%
Comprendre
80%
Est-ce
80%
Réveil
80%
Dans
76%
Mes
76%
Peux
76%
Qu'à
76%
Condamner
72%
Larmes
72%
Noir
72%
Pleurer
72%
Servent
72%
Yeux
72%
Aujourd'hui
68%
Entendre
68%
Faire
68%
Nuits
68%
Peut
68%
Baignées
64%
Voilà
64%
Voir
64%
L'erreur
60%
Coupable
56%
Rapprocher
56%
Prétendais
52%
Des
48%
Mon
44%
Pourras
32%
Regrets
32%
Amour
28%
Couleurs
28%
Mal
28%
Mots
28%
Peuvent
28%
Effacer
24%
Redonner
24%
Suffire
24%
Enfin
20%
Jour
20%
M'offrir
20%
Qu'un
20%
Aucun quiz correspondant
Distribution des résultats
% des personnes avec chaque résultat
Percentile par nombre de réponses
Votre historique - résultats
Vous n’avez pas pris ce quiz